[Event "Dortmund Sparkassen op-B 47th"]
[Site "Dortmund"]
[Date "2019.07.17"]
[Round "5"]
[White "Papadopoulos, Antonios"]
[Black "Slusarski, David"]
[Result "0-1"]
[WhiteElo "1784"]
[BlackElo "1604"]
[PlyCount "42"]
[EventDate "2019.07.13"]
[EventType "swiss"]
[EventRounds "9"]
[EventCountry "GER"]
[SourceTitle "CBM 192 Extra"]
[Source "Chessbase"]
[SourceDate "2019.11.06"]
[SourceVersion "1"]
[SourceVersionDate "2019.11.06"]
[SourceQuality "1"]

1. e4 c5 2. Nf3 d6 3. d4 cxd4 4. Nxd4 Nf6 5. Nc3 a6 6. Bg5 Nbd7 7. f4 Qc7 8. Qf3 b5 9. 0-0-0 Bb7 10. g4 e6 11. Bxf6 Nxf6 12. g5 b4 13. Ncb5 axb5 14. gxf6 gxf6 15. Bxb5+ Ke7 16. Rhe1 Qc5 17. Qg2 Bh6 18. Qg4 Rxa2 19. Nb3 Qxb5 20. e5 dxe5 21. Rxe5 Qxe5 0-1